Disinvestment of foreign subsidiaries /
Saved in:
| 主要作者: | |
|---|---|
| 企业作者: | |
| 格式: | 图书 |
| 语言: | English |
| 出版: |
Ann Arbor, MI :
UMI Research Press,
c1980.
|
| 丛编: | Research for business decisions ;
no. 25. |
| 主题: | |
| 标签: |
添加标签
没有标签, 成为第一个标记此记录!
|
| LEADER | 01125pam a2200313 i 4500 | ||
|---|---|---|---|
| 001 | 000972724-8 | ||
| 005 | 20020606090541.3 | ||
| 008 | 800618s1980 miu b 00110 eng | ||
| 010 | |a 80018601 | ||
| 020 | |a 0835711323 : |c $19.95 | ||
| 035 | 0 | |a ocm06487424 | |
| 040 | |a DLC |c DLC |d m.c. | ||
| 043 | |a n-us--- | ||
| 100 | 1 | |a Wilson, Brent D., |d 1944- | |
| 245 | 1 | 0 | |a Disinvestment of foreign subsidiaries / |c by Brent D. Wilson. |
| 260 | 0 | |a Ann Arbor, MI : |b UMI Research Press, |c c1980. | |
| 300 | |a 91 p. : |b graphs ; |c 24 cm. | ||
| 490 | 1 | |a Research for business decisions ; |v no. 25 | |
| 500 | |a Includes index. | ||
| 502 | |a Revision of thesis (doctoral)--Harvard University, Graduate School of Business Administration, 1979. | ||
| 504 | |a Bibliography: p. [87]-88. | ||
| 650 | 0 | |a Investments, American. | |
| 650 | 0 | |a Corporations, American. | |
| 650 | 0 | |a Corporate divestiture |z United States. | |
| 650 | 0 | |a Subsidiary corporations |z United States. | |
| 710 | 2 | |a Harvard University. |b Graduate School of Business Administration. | |
| 830 | 0 | |a Research for business decisions ; |v no. 25. | |
| 988 | |a 20020608 | ||
| 906 | |0 DLC | ||


